[Event "1. Wittelsbacher Weihnachts-Schach-Open"]
[Site "Kelheim"]
[Date "2012.12.28"]
[Round "5.9"]
[White "Watzenberger, Stefan"]
[Black "Strobel, Christian"]
[Result "1/2-1/2"]
[WhiteElo "1898"]
[BlackElo "2068"]
[PlyCount "136"]
[EventDate "2012.??.??"]
[WhiteTeam "SC Sendling e.V."]
[BlackTeam "TSV Kareth-Lappersdorf"]

1. e4 e6 2. d4 d5 3. Nc3 Bb4 4. exd5 exd5 5. Bd3 Nc6 6. Nge2 Be7 7. Bf4 a6 8.
O-O Bf6 9. Be3 Nge7 10. Qd2 Nb4 11. Nf4 Nxd3 12. Qxd3 g6 13. Rfe1 O-O 14. Qd2
Re8 15. Nfe2 Nf5 16. Ng3 Nxe3 17. Rxe3 Be6 18. Nce2 Qd6 19. Rb3 b6 20. f4 c5
21. f5 Bd7 22. Rf3 cxd4 23. Nxd4 Bxd4+ 24. Qxd4 Qc5 25. Qxc5 bxc5 26. Kf2 Re5
27. Re1 Rxe1 28. Kxe1 Kg7 29. Kf2 Re8 30. Ra3 Bb5 31. Ra5 Rb8 32. b3 c4 33.
fxg6 hxg6 34. Ne2 cxb3 35. axb3 Kf6 36. Nd4 Ke5 37. Ke3 Rc8 38. Nxb5 axb5 39.
Kd3 Rh8 40. h3 b4 41. Ra4 Rb8 42. g3 Rh8 43. h4 Rb8 44. g4 Rh8 45. h5 gxh5 46.
gxh5 Rxh5 47. Rxb4 Rh3+ 48. Kd2 Rh2+ 49. Kd3 Rh3+ 50. Kd2 f5 51. Rb8 Ke4 52.
Re8+ Kd4 53. Re2 f4 54. Rf2 Ke4 55. b4 f3 56. b5 Kf4 57. c3 Rh1 58. Kd3 Rb1 59.
c4 dxc4+ 60. Kxc4 Ke3 61. Rh2 f2 62. Rxf2 Kxf2 63. Kc5 Rc1+ 64. Kd6 Ke3 65. b6
Kd4 66. b7 Rb1 67. Kc7 Rc1+ 68. Kd7 Rb1 1/2-1/2

[Event "1. Wittelsbacher Weihnachts-Schach-Open"]
[Site "Kelheim"]
[Date "2012.12.28"]
[Round "5.10"]
[White "Vilsmeier, Christian"]
[Black "Seidenschwarz, Holger"]
[Result "1-0"]
[WhiteElo "1755"]
[BlackElo "1989"]
[PlyCount "55"]
[EventDate "2012.??.??"]
[WhiteTeam "DJK-Regensburg Nord e.V."]
[BlackTeam "SC 1947 Beilngries"]

1. e4 e6 2. d4 d5 3. Nc3 Bb4 4. exd5 exd5 5. Nf3 Bg4 6. Be2 Nc6 7. O-O Nge7 8.
Bf4 Bxc3 9. bxc3 O-O 10. Rb1 Na5 11. Ne5 Bxe2 12. Qxe2 f6 13. Nd3 b6 14. Rfe1
Nac6 15. Qe6+ Kh8 16. Re2 Qc8 17. Rbe1 Re8 18. Nb4 Nxb4 19. cxb4 Qa6 20. Qf7
Qxa2 21. Rxe7 Rxe7 22. Qxe7 Rg8 23. Bh6 Qa4 24. h3 a5 25. Bxg7+ Rxg7 26. Qf8+
Rg8 27. Qxf6+ Rg7 28. Re7 1-0

[Event "1. Wittelsbacher Weihnachts-Schach-Open"]
[Site "Kelheim"]
[Date "2012.12.28"]
[Round "5.11"]
[White "Brack, André"]
[Black "Maurer, Heinrich"]
[Result "0-1"]
[WhiteElo "1818"]
[BlackElo "2131"]
[PlyCount "60"]
[EventDate "2012.??.??"]
[WhiteTeam "Regensb. Turnerschaft"]
[BlackTeam "SK Kelheim 1920"]

1. d4 Nf6 2. Nf3 g6 3. c4 Bg7 4. Nc3 O-O 5. Bg5 c5 6. d5 d6 7. e3 a6 8. Qc2 Bd7
9. Bd3 Qa5 10. Qb3 b5 11. O-O b4 12. Qc2 bxc3 13. bxc3 Ba4 14. Qb2 Qc7 15. Rab1
Ra7 16. Rfe1 a5 17. e4 Ng4 18. h3 Ne5 19. Nxe5 Bxe5 20. f4 Bg7 21. g4 Na6 22.
Qb6 Bxc3 23. Rf1 Nb4 24. Qxc7 Rxc7 25. Be2 Bc2 26. Rbc1 Bb2 27. Rce1 Nxa2 28.
Bd1 Bd4+ 29. Kg2 Bxd1 30. Rxd1 Nc3 0-1

[Event "1. Wittelsbacher Weihnachts-Schach-Open"]
[Site "Kelheim"]
[Date "2012.12.28"]
[Round "5.12"]
[White "Kues, Manuel"]
[Black "Albrecht, Andreas"]
[Result "1/2-1/2"]
[WhiteElo "2002"]
[BlackElo "1756"]
[PlyCount "54"]
[EventDate "2012.??.??"]
[WhiteTeam "TSV Kareth-Lappersdorf"]
[BlackTeam "Regensb. Turnerschaft"]

1. e4 d5 2. exd5 Nf6 3. d4 Nxd5 4. Nf3 g6 5. Be2 Bg7 6. O-O O-O 7. c4 Nb6 8.
Be3 Nc6 9. h3 e5 10. d5 Ne7 11. Nc3 f5 12. Bc5 Re8 13. Qb3 Nd7 14. Bb4 c5 15.
dxc6 Nxc6 16. Bd6 Na5 17. Qa3 b6 18. Nb5 Bf8 19. Nc7 Qxc7 20. Bxc7 Bxa3 21.
bxa3 Bb7 22. Rfd1 Bc6 23. Rac1 Rac8 24. Bd6 Nb7 25. Ne1 Nxd6 26. Rxd6 Ba4 27.
Bd1 Nc5 1/2-1/2

[Event "1. Wittelsbacher Weihnachts-Schach-Open"]
[Site "Kelheim"]
[Date "2012.12.28"]
[Round "5.13"]
[White "Weigert, Wilhelm"]
[Black "Miethaner, Ulrich"]
[Result "1-0"]
[WhiteElo "2024"]
[BlackElo "1720"]
[PlyCount "105"]
[EventDate "2012.??.??"]
[WhiteTeam "SK Kelheim 1920"]
[BlackTeam "SC Bavaria Regensb.1881"]

1. Nf3 d5 2. c4 dxc4 3. g3 Nc6 4. Bg2 Nf6 5. Na3 c3 6. bxc3 e5 7. Nc2 Bc5 8.
O-O O-O 9. d4 exd4 10. cxd4 Bb6 11. Bb2 Re8 12. a4 a5 13. Ne3 Be6 14. Rc1 Qe7
15. Re1 Rad8 16. Nc4 Bxc4 17. Rxc4 Ne4 18. e3 Qe6 19. Qe2 f6 20. Rcc1 Nb4 21.
Bf1 Nd6 22. Ba3 Nd5 23. Bxd6 Qxd6 24. Qa2 Kf8 25. Nd2 c6 26. Nc4 Qc7 27. Qc2 g6
28. Nxb6 Qxb6 29. Bg2 Kg7 30. Qc5 Qa6 31. Bf1 Qa8 32. e4 Nb4 33. Qb6 Rd7 34. e5
fxe5 35. dxe5 Nd5 36. Qb2 Rde7 37. Rc4 Qc8 38. Bg2 Qf5 39. Bxd5 cxd5 40. Rf4
Qc8 41. Rd4 Qc6 42. Rc1 Qe6 43. f4 g5 44. Rc2 gxf4 45. gxf4 Kh8 46. Rg2 Rc8 47.
Rxd5 Rec7 48. Rd1 h5 49. f5 Qxf5 50. e6+ Kh7 51. Rd7+ Rxd7 52. exd7 Qc5+ 53.
Kh1 1-0

[Event "1. Wittelsbacher Weihnachts-Schach-Open"]
[Site "Kelheim"]
[Date "2012.12.28"]
[Round "5.14"]
[White "Seitner, Ralf"]
[Black "Schmitz, Björn"]
[Result "1/2-1/2"]
[WhiteElo "1877"]
[BlackElo "1629"]
[PlyCount "34"]
[EventDate "2012.??.??"]
[WhiteTeam "SK Neumarkt e.V."]
[BlackTeam "SV Saal/Donau e.V.SAbt"]

1. d4 Nf6 2. c4 g6 3. Nc3 d5 4. Bg5 Ne4 5. Bf4 Nxc3 6. bxc3 Bg7 7. e3 c5 8.
Bxb8 Rxb8 9. Qa4+ Bd7 10. Qa3 cxd4 11. cxd4 Bc6 12. Nf3 O-O 13. cxd5 Bxd5 14.
Be2 Qd6 15. Qxd6 exd6 16. Kd2 Rbc8 17. Rhc1 a6 1/2-1/2

[Event "1. Wittelsbacher Weihnachts-Schach-Open"]
[Site "Kelheim"]
[Date "2012.12.28"]
[Round "5.16"]
[White "Schmidt, Franz"]
[Black "Schmitz, Marc"]
[Result "1/2-1/2"]
[WhiteElo "1883"]
[BlackElo "1674"]
[PlyCount "102"]
[EventDate "2012.??.??"]
[WhiteTeam "SK Abensberg"]
[BlackTeam "SV Saal/Donau e.V.SAbt"]

1. e4 c5 2. Nf3 Nf6 3. e5 Nd5 4. c3 Nc6 5. d4 cxd4 6. cxd4 d6 7. Be2 g6 8. O-O
Bg7 9. Re1 O-O 10. Bb5 Bg4 11. Bxc6 bxc6 12. h3 Bf5 13. a3 Qb6 14. Nc3 Nxc3 15.
bxc3 Rab8 16. Bf4 Qc7 17. Qd2 Rb3 18. g4 Be6 19. Reb1 Rfb8 20. Rxb3 Rxb3 21.
Kh2 Qb8 22. exd6 exd6 23. Ng5 Bd5 24. Qe3 h6 25. Ne4 Bxe4 26. Qxe4 Rxc3 27. Rb1
Qc8 28. Bxd6 Qe6 29. Rb8+ Kh7 30. Qxe6 fxe6 31. Rb7 Kg8 32. Bc5 e5 33. Rxa7 Rc2
34. Kg2 exd4 35. Bd6 d3 36. Kf3 Bd4 37. Ra4 c5 38. Bg3 c4 39. Ra6 Kf7 40. Rc6
c3 41. Rd6 Rxf2+ 42. Bxf2 c2 43. Rxd4 c1=Q 44. Rxd3 Qf1 45. Ke4 Ke6 46. Bc5
Qg2+ 47. Rf3 Qa2 48. Bb4 Qd5+ 49. Ke3 Qe5+ 50. Kd2 Qb2+ 51. Kd3 Qb3+ 1/2-1/2

[Event "1. Wittelsbacher Weihnachts-Schach-Open"]
[Site "Kelheim"]
[Date "2012.12.28"]
[Round "5.17"]
[White "Beilschmidt, Eva"]
[Black "Kunz, Konstantin"]
[Result "1/2-1/2"]
[WhiteElo "1716"]
[BlackElo "2228"]
[PlyCount "87"]
[EventDate "2012.??.??"]
[WhiteTeam "SK Kelheim 1920"]
[BlackTeam "SC Kitzingen von 1905"]

1. e4 c5 2. Nf3 e6 3. d4 cxd4 4. Nxd4 a6 5. Nc3 b5 6. Be3 Bb7 7. f3 Qc7 8. Bxb5
axb5 9. Ndxb5 Qc6 10. Bf4 Na6 11. Nd6+ Bxd6 12. Bxd6 Ne7 13. Qd4 f6 14. e5 Nf5
15. Qg4 O-O-O 16. Qf4 fxe5 17. Bxe5 d6 18. Bd4 Nxd4 19. Qxd4 e5 20. Qg4+ Qd7
21. Qc4+ Kb8 22. O-O-O d5 23. Nxd5 Qe6 24. Ne3 Qxc4 25. Nxc4 e4 26. fxe4 Bxe4
27. a3 Bxg2 28. Rxd8+ Rxd8 29. Rg1 Bf3 30. Ne5 Be4 31. Rxg7 Rd6 32. b4 Rh6 33.
Rg4 Bh1 34. h4 Rh5 35. Nd7+ Kc7 36. Nf6 Rh6 37. Rg7+ Kb6 38. Nxh7 Rxh4 39. Kb2
Nc7 40. Nf6 Rh6 41. Nd7+ Kc6 42. Nc5 Nd5 43. Rg3 Nb6 44. a4 1/2-1/2

[Event "1. Wittelsbacher Weihnachts-Schach-Open"]
[Site "Kelheim"]
[Date "2012.12.28"]
[Round "5.18"]
[White "Klemp, Sören"]
[Black "Kümpers, Ulrich"]
[Result "0-1"]
[WhiteElo "1822"]
[BlackElo "2066"]
[PlyCount "73"]
[EventDate "2012.??.??"]
[WhiteTeam "Regensb. Turnerschaft"]
[BlackTeam "SC Tarrasch 45 München"]

1. e4 c6 2. Nc3 d5 3. Nf3 Bg4 4. h3 Bh5 5. exd5 cxd5 6. Ne5 Bxd1 7. Bb5+ Nc6 8.
Nxc6 Qb6 9. Nxd5 Qxb5 10. Nc7+ Kd7 11. Nxb5 bxc6 12. Nd4 Bh5 13. d3 e5 14. Nf5
Bg6 15. Ng3 Bc5 16. Bd2 Nf6 17. f3 a5 18. O-O-O Nd5 19. Ne4 Bd4 20. Rhe1 f5 21.
Nc3 Bxc3 22. bxc3 Rhe8 23. c4 Nf4 24. g3 Nxh3 25. Bc3 Ng5 26. Rxe5 Nxf3 27.
Rxa5 Rxa5 28. Bxa5 Nd4 29. Bd2 Ne2+ 30. Kb2 Nxg3 31. d4 Ne2 32. a4 f4 33. Rf1
Rb8+ 34. Ka3 Nxd4 35. c3 Nc2+ 36. Ka2 Ne3 37. Ka3 0-1

[Event "1. Wittelsbacher Weihnachts-Schach-Open"]
[Site "Kelheim"]
[Date "2012.12.28"]
[Round "5.19"]
[White "Hessler, Markus"]
[Black "Bumes, Konrad"]
[Result "1-0"]
[WhiteElo "1762"]
[BlackElo "1872"]
[PlyCount "87"]
[EventDate "2012.??.??"]
[WhiteTeam "SF Roding"]
[BlackTeam "SC Haar 1931"]

1. Nf3 d5 2. b3 Nf6 3. Bb2 Nbd7 4. e3 e6 5. c4 Bd6 6. Nc3 c6 7. cxd5 exd5 8.
Be2 O-O 9. O-O Re8 10. Qc2 Ne5 11. Nxe5 Bxe5 12. f4 Bc7 13. Nd1 Ne4 14. d3 Nf6
15. Kh1 Bf5 16. Qc3 Bb6 17. Qd2 Ng4 18. Rf3 Qe7 19. Rg3 Qh4 20. Bxg4 Bxg4 21.
Nf2 f5 22. Nxg4 fxg4 23. Be5 Re6 24. Kg1 Rh6 25. Kf2 Rg6 26. Kg1 Bd8 27. Qe2 h5
28. Rf1 Re6 29. Qf2 Qe7 30. h3 Qd7 31. hxg4 Bh4 32. gxh5 Bxg3 33. Qxg3 Rae8 34.
Qf3 Qf7 35. d4 Rh6 36. g4 Rc8 37. Kg2 c5 38. dxc5 Rxc5 39. Rh1 Rc2+ 40. Kg3
Rxa2 41. Rd1 Ra5 42. e4 dxe4 43. Rd8+ Kh7 44. Qxe4+ 1-0

[Event "1. Wittelsbacher Weihnachts-Schach-Open"]
[Site "Kelheim"]
[Date "2012.12.28"]
[Round "5.20"]
[White "Brack, Johannes"]
[Black "Bartmann, Florian"]
[Result "0-1"]
[WhiteElo "1865"]
[BlackElo "1665"]
[PlyCount "60"]
[EventDate "2012.??.??"]
[WhiteTeam "Regensb. Turnerschaft"]
[BlackTeam "SK Kelheim 1920"]

1. d4 Nf6 2. c4 e6 3. Nc3 Bb4 4. Bg5 h6 5. Bh4 d5 6. f3 Nc6 7. a3 Be7 8. e3 O-O
9. f4 b6 10. b4 dxc4 11. Bxc4 Nd5 12. Bxe7 Ncxe7 13. Nxd5 Nxd5 14. Qe2 a5 15.
bxa5 Rxa5 16. Nf3 Bb7 17. Nd2 Qh4+ 18. g3 Qe7 19. Bxd5 exd5 20. Qd3 Rfa8 21.
Nb1 Ba6 22. Qd2 Bc4 23. Kf2 b5 24. Qc2 b4 25. Nd2 Rxa3 26. Rxa3 Rxa3 27. Nxc4
dxc4 28. Qxc4 Qxe3+ 29. Kf1 Ra1+ 30. Kg2 Qe4+ 0-1

[Event "1. Wittelsbacher Weihnachts-Schach-Open"]
[Site "Kelheim"]
[Date "2012.12.28"]
[Round "5.21"]
[White "Gleis, Wolfgang"]
[Black "Winterholler, Christina"]
[Result "0-1"]
[WhiteElo "1663"]
[BlackElo "1880"]
[PlyCount "46"]
[EventDate "2012.??.??"]
[WhiteTeam "SF Tegernheim"]
[BlackTeam "SK Ingolstadt"]

1. d4 d5 2. Nf3 Nc6 3. Bf4 Bg4 4. Nbd2 e6 5. c3 Bd6 6. Bxd6 Qxd6 7. Qa4 Nge7 8.
Ne5 Bf5 9. f3 O-O 10. Nxc6 Nxc6 11. e4 Bg6 12. e5 Qe7 13. g3 f6 14. f4 fxe5 15.
dxe5 Qc5 16. O-O-O a6 17. Bh3 b5 18. Bxe6+ Kh8 19. Qa3 b4 20. Qa4 bxc3 21. b3
cxd2+ 22. Kb2 Qc2+ 23. Ka3 Be4 0-1

[Event "1. Wittelsbacher Weihnachts-Schach-Open"]
[Site "Kelheim"]
[Date "2012.12.28"]
[Round "5.22"]
[White "Arnold, Sebastian"]
[Black "Kellner, Christian"]
[Result "1/2-1/2"]
[WhiteElo "1857"]
[BlackElo "1642"]
[PlyCount "28"]
[EventDate "2012.??.??"]
[WhiteTeam "SK Kelheim 1920"]
[BlackTeam "SK Kelheim 1920"]

1. d4 d6 2. c4 Nf6 3. Nc3 g6 4. e4 Bg7 5. Nf3 O-O 6. Be2 Nbd7 7. O-O c5 8. d5
b6 9. Be3 Ba6 10. Rc1 Qc7 11. Qd2 Rfe8 12. Rfd1 Rad8 13. b3 Qb8 14. a4 Bb7
1/2-1/2

[Event "1. Wittelsbacher Weihnachts-Schach-Open"]
[Site "Kelheim"]
[Date "2012.12.28"]
[Round "5.23"]
[White "Braun, Kristin"]
[Black "Zhou, Wile"]
[Result "0-1"]
[WhiteElo "1836"]
[BlackElo "1947"]
[PlyCount "62"]
[EventDate "2012.??.??"]
[WhiteTeam "SC Forchheim e.V."]
[BlackTeam "SK Kelheim 1920"]

1. Nf3 Nf6 2. g3 d5 3. Bg2 c5 4. d3 Nc6 5. O-O e5 6. e4 d4 7. c3 Be7 8. cxd4
exd4 9. Nbd2 O-O 10. Nc4 Be6 11. Ne1 b5 12. Nd2 Rc8 13. f4 Bg4 14. Ndf3 Qd7 15.
f5 c4 16. Bf4 Nh5 17. Bc1 Bc5 18. Kh1 Qd6 19. Qe2 Rfd8 20. dxc4 d3 21. Qxd3
Qxd3 22. Nxd3 Rxd3 23. cxb5 Nd4 24. Nxd4 Bxd4 25. a4 Be5 26. Re1 Rc2 27. Rb1
Rb3 28. Kg1 Bd4+ 29. Kf1 Rxg3 30. Bf4 Rgxg2 31. Be3 Rxh2 0-1

[Event "1. Wittelsbacher Weihnachts-Schach-Open"]
[Site "Kelheim"]
[Date "2012.12.28"]
[Round "5.24"]
[White "Simon, Günther"]
[Black "Müller, Johannes"]
[Result "1/2-1/2"]
[WhiteElo "1847"]
[BlackElo "1534"]
[PlyCount "87"]
[EventDate "2012.??.??"]
[WhiteTeam "Regensb. Turnerschaft"]
[BlackTeam "SK Kelheim 1920"]

1. e4 e5 2. Nf3 Nc6 3. Bb5 a6 4. Ba4 Nf6 5. O-O b5 6. Bb3 Bc5 7. d3 h6 8. c3 d6
9. a4 Bg4 10. Be3 Bxe3 11. fxe3 O-O 12. h3 Be6 13. Bxe6 fxe6 14. axb5 axb5 15.
Rxa8 Qxa8 16. Qb3 d5 17. Nbd2 Kh8 18. Nh4 Kh7 19. d4 Na5 20. Qb4 Nc6 21. Qb3
Na5 22. Qa3 exd4 23. cxd4 dxe4 24. Qe7 Qe8 25. Qxc7 Nc6 26. Qf4 g5 27. Qg3 gxh4
28. Qxh4 Qg6 29. Nxe4 Nd7 30. Rxf8 Nxf8 31. Nf6+ Kh8 32. Ng4 Kh7 33. Nf6+ Kh8
34. Ng4 Kg7 35. Qg3 Ne7 36. Qe5+ Kh7 37. Nf6+ Kg7 38. Ne4+ Kf7 39. Nd6+ Kg8 40.
Nxb5 Qb1+ 41. Kh2 Qxb2 42. Nd6 Qf2 43. Ne4 Qf5 44. Qg3+ 1/2-1/2

[Event "1. Wittelsbacher Weihnachts-Schach-Open"]
[Site "Kelheim"]
[Date "2012.12.28"]
[Round "5.25"]
[White "Klarl, Wolfgang"]
[Black "Schindler, Tobias"]
[Result "1-0"]
[WhiteElo "1817"]
[BlackElo "1465"]
[PlyCount "42"]
[EventDate "2012.??.??"]
[WhiteTeam "DJK-Regensburg Nord e.V."]
[BlackTeam "SK Kelheim 1920"]

1. b3 e5 2. Bb2 Nc6 3. e3 Bc5 4. Bb5 d6 5. d4 exd4 6. exd4 Bb4+ 7. c3 Ba5 8. b4
Bb6 9. d5 a6 10. Ba4 Bxf2+ 11. Kxf2 b5 12. dxc6 bxa4 13. Nf3 Ne7 14. Re1 O-O
15. Qxa4 Be6 16. Nbd2 Bd5 17. Qc2 Bxc6 18. Nd4 Bb7 19. c4 Ng6 20. N2f3 Rb8 21.
Qc3 Re8 1-0

[Event "1. Wittelsbacher Weihnachts-Schach-Open"]
[Site "Kelheim"]
[Date "2012.12.28"]
[Round "5.26"]
[White "Schawacht, Max"]
[Black "Häusler, Florian"]
[Result "1/2-1/2"]
[WhiteElo "1816"]
[BlackElo "1514"]
[PlyCount "40"]
[EventDate "2012.??.??"]
[WhiteTeam "SV Erkenschwick 1923 e"]
[BlackTeam "TSV Kareth-Lappersdorf"]

1. e4 c5 2. Nf3 d6 3. d4 cxd4 4. Nxd4 Nf6 5. Nc3 a6 6. Bc4 e6 7. Bb3 Be7 8. Be3
Qc7 9. f3 Nc6 10. Qd2 b5 11. O-O-O Na5 12. Kb1 Nc4 13. Bxc4 Qxc4 14. g4 Bb7 15.
h4 Rc8 16. h5 h6 17. Nb3 Qc7 18. Ne2 Nxe4 19. Qd3 Nf6 20. Rhf1 Nd5 1/2-1/2

[Event "1. Wittelsbacher Weihnachts-Schach-Open"]
[Site "Kelheim"]
[Date "2012.12.28"]
[Round "5.27"]
[White "Eremenko, Dimitry"]
[Black "Kaiser, Dominik"]
[Result "0-1"]
[WhiteElo "1382"]
[BlackElo "1801"]
[PlyCount "74"]
[EventDate "2012.??.??"]
[WhiteTeam "MTV Ingolstadt"]
[BlackTeam "TSV Kareth-Lappersdorf"]

1. e4 d5 2. exd5 Qxd5 3. Nc3 Qa5 4. d4 Nf6 5. Bd2 c6 6. Nf3 Bf5 7. Bc4 e6 8.
Nh4 Bg6 9. Nxg6 hxg6 10. Qf3 Qh5 11. Qxh5 gxh5 12. O-O-O Nbd7 13. Be2 O-O-O 14.
Kb1 Ng4 15. Rdf1 Ndf6 16. Be3 c5 17. Rd1 Nxe3 18. fxe3 Ng4 19. Bxg4 hxg4 20.
Ne4 f6 21. c3 cxd4 22. exd4 Rd5 23. g3 Be7 24. Rde1 Kd7 25. Nf2 Rg5 26. Nd3 Bd6
27. c4 Rgh5 28. Nf4 Bxf4 29. gxf4 Rxh2 30. Rhg1 f5 31. d5 Rd2 32. Rh1 Rxh1 33.
Rxh1 exd5 34. cxd5 g3 35. Rh7 g2 36. Rxg7+ Kd6 37. Kc1 Rf2 0-1

[Event "1. Wittelsbacher Weihnachts-Schach-Open"]
[Site "Kelheim"]
[Date "2012.12.28"]
[Round "5.28"]
[White "Tautz, Helmut"]
[Black "Zwetz, Jasmin"]
[Result "0-1"]
[WhiteElo "1499"]
[BlackElo "1730"]
[PlyCount "46"]
[EventDate "2012.??.??"]
[WhiteTeam "SK Kelheim 1920"]
[BlackTeam "TSV Kareth-Lappersdorf"]

1. Nf3 e6 2. g3 d5 3. d4 c5 4. c4 dxc4 5. e4 cxd4 6. Bxc4 Nc6 7. O-O Bc5 8. a3
Nge7 9. Ng5 Ne5 10. Bb5+ Bd7 11. Nxe6 fxe6 12. Qh5+ N7g6 13. Bf4 Bxb5 14. Bxe5
O-O 15. Bxg7 Kxg7 16. Qxc5 Bxf1 17. Kxf1 Rc8 18. Qb4 Rc1+ 19. Kg2 d3 20. Qd2
Rc2 21. Qe3 Rfxf2+ 22. Qxf2 Rxf2+ 23. Kxf2 Qd4+ 0-1

[Event "1. Wittelsbacher Weihnachts-Schach-Open"]
[Site "Kelheim"]
[Date "2012.12.28"]
[Round "5.29"]
[White "Reinfelder, Fabian"]
[Black "Grasser, Martin"]
[Result "0-1"]
[WhiteElo "1433"]
[BlackElo "1916"]
[PlyCount "114"]
[EventDate "2012.??.??"]
[WhiteTeam "SG Siemens Amberg"]
[BlackTeam "Regensb. Turnerschaft"]

1. d4 Nf6 2. Nf3 g6 3. Bf4 Bg7 4. e3 d6 5. h3 O-O 6. Be2 Nbd7 7. O-O c6 8. c3
Re8 9. Bh2 Ne4 10. Nbd2 Ndf6 11. Nxe4 Nxe4 12. Nd2 Bf5 13. Nxe4 Bxe4 14. f3 Bf5
15. e4 Bd7 16. Qb3 Qb6 17. Qxb6 axb6 18. Bc4 b5 19. Bb3 b6 20. f4 c5 21. e5 Bf5
22. Bd5 Ra7 23. g4 Bd7 24. dxc5 dxc5 25. Kf2 e6 26. Be4 Bf8 27. g5 c4 28. a3
Rc8 29. Kf3 Bc6 30. Rad1 Be7 31. Bg1 Bxe4+ 32. Kxe4 Rc6 33. Rd2 Kf8 34. Rfd1
Ke8 35. Be3 Rb7 36. h4 Rc8 37. Kf3 Rd8 38. Rxd8+ Bxd8 39. Rd6 Bc7 40. Rd2 Rb8
41. Ke2 Rd8 42. Rd4 Rd5 43. Kf3 Kd7 44. Ke4 Kc6 45. a4 Rxd4+ 46. Kxd4 Bd8 47.
Bf2 Be7 48. axb5+ Kxb5 49. Ke4 Ka5 50. Kf3 b5 51. Ke2 Ka4 52. Kd1 Kb3 53. Kc1
b4 54. Bd4 bxc3 55. bxc3 Bd8 56. Kd1 Ba5 57. Kd2 Kb2 0-1

[Event "1. Wittelsbacher Weihnachts-Schach-Open"]
[Site "Kelheim"]
[Date "2012.12.28"]
[Round "5.30"]
[White "Swierzy, David"]
[Black "Dietl, Harald"]
[Result "1-0"]
[WhiteElo "1391"]
[BlackElo "1805"]
[PlyCount "47"]
[EventDate "2012.??.??"]
[WhiteTeam "SC Straubing"]
[BlackTeam "SK Abensberg"]

1. e4 c5 2. Nf3 d6 3. d4 cxd4 4. Nxd4 Nf6 5. Nc3 g6 6. Bc4 Bg7 7. Be3 O-O 8.
Qd2 Ng4 9. h4 Nxe3 10. Qxe3 Nc6 11. Nxc6 bxc6 12. Bb3 Qa5 13. f3 e6 14. O-O-O
d5 15. exd5 exd5 16. Na4 d4 17. Qe7 Qf5 18. Rhe1 Bd7 19. g4 Qf4+ 20. Kb1 Rad8
21. Nc5 Rfe8 22. Qxd7 Rxd7 23. Rxe8+ Bf8 24. Nxd7 1-0

[Event "1. Wittelsbacher Weihnachts-Schach-Open"]
[Site "Kelheim"]
[Date "2012.12.28"]
[Round "5.31"]
[White "Fischer, Wolfgang"]
[Black "Karl, Thomas"]
[Result "1/2-1/2"]
[WhiteElo "1474"]
[BlackElo "1424"]
[PlyCount "41"]
[EventDate "2012.??.??"]
[WhiteTeam "SF Tegernheim"]
[BlackTeam "SK Kelheim 1920"]

1. e4 e5 2. Nf3 Nc6 3. Bb5 a6 4. Ba4 Nf6 5. O-O b5 6. Bb3 Be7 7. Nc3 d6 8. Re1
O-O 9. h3 Bb7 10. Nd5 Rb8 11. d3 Na5 12. Nxf6+ Bxf6 13. c3 Nxb3 14. axb3 c6 15.
b4 Ra8 16. Qc2 a5 17. bxa5 Rxa5 18. Bd2 Qb6 19. b4 Ra6 20. Be3 Qc7 21. Rxa6
1/2-1/2

[Event "1. Wittelsbacher Weihnachts-Schach-Open"]
[Site "Kelheim"]
[Date "2012.12.28"]
[Round "5.32"]
[White "Fernandez-Alvarez, Raul"]
[Black "Zankl, Stephan"]
[Result "0-1"]
[WhiteElo "1279"]
[BlackElo "1596"]
[PlyCount "56"]
[EventDate "2012.??.??"]
[WhiteTeam "SG Schwabing München Nord e.V."]
[BlackTeam "TSV Nittenau"]

1. e4 d5 2. e5 c5 3. c3 Qc7 4. d4 cxd4 5. cxd4 Bf5 6. Nc3 e6 7. Bd3 Bxd3 8.
Qxd3 Nc6 9. Nf3 Bb4 10. O-O Bxc3 11. bxc3 Rc8 12. Bb2 Nge7 13. Rab1 O-O 14.
Rfc1 Na5 15. Nd2 b6 16. Rc2 Nf5 17. Rbc1 Nc4 18. Nxc4 Qxc4 19. Qxc4 Rxc4 20.
Rd1 Rfc8 21. Rd3 Nxd4 22. Rxd4 Rxd4 23. g3 Rdc4 24. Rd2 d4 25. cxd4 Rc2 26.
Rxc2 Rxc2 27. Ba3 Rxa2 28. Bc1 Ra1 0-1

[Event "1. Wittelsbacher Weihnachts-Schach-Open"]
[Site "Kelheim"]
[Date "2012.12.28"]
[Round "5.33"]
[White "Brunner, Tobias"]
[Black "Gebhardt, Lukas"]
[Result "1/2-1/2"]
[WhiteElo "1297"]
[BlackElo "1443"]
[PlyCount "115"]
[EventDate "2012.??.??"]
[WhiteTeam "TSV Nittenau"]
[BlackTeam "SK Kelheim 1920"]

1. e4 g6 2. d4 Bg7 3. Nf3 d6 4. Nc3 Nf6 5. Bf4 O-O 6. Bc4 a6 7. a4 Bg4 8. h3
Bxf3 9. Qxf3 c6 10. O-O Nbd7 11. Rfe1 Nb6 12. Bd3 Kh8 13. Red1 d5 14. exd5
Nbxd5 15. Nxd5 Nxd5 16. c3 Qb6 17. Rdb1 a5 18. Bg3 Rfe8 19. Qxf7 Rf8 20. Qe6
Rae8 21. Qe4 Nf6 22. Qh4 Nh5 23. Be2 Bf6 24. Qg4 Nxg3 25. Qxg3 e5 26. dxe5 Bxe5
27. Qh4 Rf4 28. Qg3 Rxa4 29. Qd3 Rxa1 30. Rxa1 Qxb2 31. Rb1 Qxc3 32. Qd7 Rb8
33. Rxb7 Rxb7 34. Qxb7 Qe1+ 35. Bf1 Bh2+ 36. Kxh2 Qxf1 37. Qxc6 Qxf2 38. Qe8+
Kg7 39. Qe5+ Kh6 40. Qxa5 Qf4+ 41. Kg1 Qc1+ 42. Kh2 Qe3 43. Qd8 Kh5 44. g4+ Kh6
45. Qf8+ Kg5 46. Qd8+ Kf4 47. Qf6+ Ke4 48. Qe6+ Kf3 49. Qxe3+ Kxe3 50. Kg3 h6
51. g5 h5 52. Kh4 Ke4 53. Kg3 Ke5 54. Kf3 Kd4 55. Kf4 Kd5 56. Ke3 Ke5 57. h4
Kf5 58. Kf3 1/2-1/2

[Event "1. Wittelsbacher Weihnachts-Schach-Open"]
[Site "Kelheim"]
[Date "2012.12.28"]
[Round "5.34"]
[White "Karl, Markus"]
[Black "Antczak, Lena"]
[Result "1/2-1/2"]
[WhiteElo "1436"]
[BlackElo "1289"]
[PlyCount "40"]
[EventDate "2012.??.??"]
[WhiteTeam "SK Kelheim 1920"]
[BlackTeam "SK Kelheim 1920"]

1. d4 e6 2. c4 d5 3. Nc3 c6 4. Nf3 Be7 5. Bf4 Nd7 6. e3 Ngf6 7. cxd5 exd5 8.
Bd3 Bb4 9. a3 Ba5 10. O-O Nh5 11. b4 Bc7 12. Re1 O-O 13. Bxc7 Qxc7 14. Qc2 Ndf6
15. e4 dxe4 16. Nxe4 Nd5 17. Nc5 Nhf6 18. Rac1 Bd7 19. Ne4 Rfe8 20. b5 Rac8
1/2-1/2

[Event "1. Wittelsbacher Weihnachts-Schach-Open"]
[Site "Kelheim"]
[Date "2012.12.28"]
[Round "5.35"]
[White "Adlhoch, Walter"]
[Black "Fischer, Agnes"]
[Result "0-1"]
[WhiteElo "1271"]
[BlackElo "1369"]
[PlyCount "76"]
[EventDate "2012.??.??"]
[WhiteTeam "SK Schwandorf"]
[BlackTeam "SF Tegernheim"]

1. c4 Nf6 2. g3 e5 3. Bg2 Nc6 4. Nc3 a6 5. Nf3 Bc5 6. O-O d6 7. d3 h6 8. a3 O-O
9. e3 Bg4 10. b4 Ba7 11. Bb2 Ne7 12. Qd2 Rb8 13. h3 Bh5 14. Ne2 Bg6 15. a4 b6
16. a5 b5 17. Ne1 Nd7 18. f4 bxc4 19. dxc4 Nf5 20. Rf3 e4 21. Nd4 Nxd4 22. exd4
exf3 23. Nxf3 Re8 24. Kh2 Nf6 25. Nh4 Be4 26. d5 Bxg2 27. Kxg2 Re4 28. Rc1 Be3
29. Bxf6 Qxf6 30. Qe1 Rbe8 31. Rc2 Bxf4 32. Qf2 Qg5 33. Nf3 Qf6 34. gxf4 Qxf4
35. Nh2 Qg5+ 36. Qg3 Re2+ 37. Rxe2 Rxe2+ 38. Kf3 Re3+ 0-1

[Event "1. Wittelsbacher Weihnachts-Schach-Open"]
[Site "Kelheim"]
[Date "2012.12.28"]
[Round "5.36"]
[White "Burgard, Manfred"]
[Black "Rösch, Maximilian"]
[Result "1/2-1/2"]
[WhiteElo "1354"]
[BlackElo "1086"]
[PlyCount "45"]
[EventDate "2012.??.??"]
[WhiteTeam "SF Roding"]
[BlackTeam "SK Kelheim 1920"]

1. d4 d5 2. c4 e6 3. Nc3 Nf6 4. Nf3 Nbd7 5. Bg5 Be7 6. e3 O-O 7. Bd3 h6 8. Bh4
c6 9. Qc2 dxc4 10. Bxc4 b5 11. Bd3 a6 12. a3 c5 13. dxc5 Nxc5 14. Be2 Bb7 15.
O-O Rc8 16. Rfd1 Qc7 17. Bxf6 Bxf6 18. Bd3 Rfd8 19. Qe2 Nxd3 20. Rxd3 Rxd3 21.
Qxd3 Rd8 22. Qe2 Kf8 23. Rc1 1/2-1/2